000 00304nam a2200121 i 4500
001 bg
245 0 _aProgram studiów magisterskich dla kierunku Techniki wytwarzania...
260 _aZielona Góra,
_c1975.
040 _cBPK
041 _apol
942 _cKS
008 s pl f |000 0 pol
999 _c16417
_d16417
856 _uhttp://koha.tu.koszalin.pl/cgi-bin/koha/opac-detail.pl?biblionumber=16417
_yKatalog online BPK